| 000 | 00461nam a22001817a 4500 | ||
|---|---|---|---|
| 005 | 20260204160124.0 | ||
| 008 | 260204b |||||||| |||| 00| 0 eng d | ||
| 020 |
_a9789368403913 _c625.00 |
||
| 040 | _aMAIN | ||
| 041 | _aEnglish | ||
| 082 |
_a531 _bPAN |
||
| 100 |
_aPandey, D.C. _94555 |
||
| 245 |
_aUnderstanding Physics Mechanics _b: JEE Main And Advanced |
||
| 260 |
_aMeerut _bArihant |
||
| 300 |
_a611 _bVol.1st |
||
| 650 | _aPhysics | ||
| 942 | _cBK | ||
| 999 |
_c60239 _d60239 |
||